000 00999cam a2200289 i 4500
001 1793854
005 20070426093203.0
008 780830s1957 nju | b 001 0 eng d
010 _a
020 _a
040 _aDLC
_cDLC
_dDLC
043 _an-us---
050 0 0 _aHN90.S6
_bN5
082 0 0 _a335.4
_bDJI
_222
100 _910463
_aDjilas, Milovan
245 0 4 _aThe New Class:
_bAn Analysis of the Communist System
_cBy Milovan Djilas
260 _aNew York:
_bFrederick A. Praeger, 1957
_c1957
300 _a214 p. ;
_c24 cm.
500 _aDonated by: Abdel Hamid Abdel Ghany
500 _aIncludes index.
650 0 _aSocial classes
_zUnited States.
_910447
650 0 _aIntellectuals
_zUnited States.
_910448
650 0 _aProfessions.
_910449
650 0 _aRight and left (Political science)
_910450
942 _2ddc
_cBB
999 _c13156
_d13156